000 00380nam a2200157Ia 4500
008 210716s2002 xx 000 0 und d
020 _a0071386262
041 _aeng
082 _a657.3 SCHH
100 _aSchilit, Howard.
245 _aFinancial shenanigans.
250 _a2
260 _aNew Delhi
_bMcGraw Hill
_c2002
300 _avii,296
650 _aFinancial Accounting
999 _c206252
_d206252